000
00309nam a2200109Ia 4500
008
200302s9999 xx 000 0 und d
100
_a
Anat Geva
245
_a
Frank Lioyd Wright's Sacred Architecture Faith, Form, and Building Technology
260
_b
Taylor &Francis Group
260
_c
2012
300
_a
293 P.,
999
_c
3246
_d
3246